Maintenance Management Frameworks
Na minha lista:
| Autor principal: | |
|---|---|
| Outros Autores: | |
| Formato: | Capítulo de Livro |
| Idioma: | inglês |
| Assuntos: | |
| Tags: |
Sem tags, seja o primeiro a adicionar uma tag!
|
MARC
| LEADER | 00000nla a2200000 4500 | ||
|---|---|---|---|
| 001 | 0186696 | ||
| 005 | 20240502083439.5 | ||
| 041 | 0 | |a eng | |
| 044 | |a RO | ||
| 245 | 1 | 0 | |a Maintenance Management Frameworks |c Naqib Daneshjo, Natália Jergová |
| 610 | 2 | 0 | |a manažment |
| 610 | 2 | 0 | |a riadenie kvality |
| 610 | 2 | 0 | |a kontrola kvality |
| 610 | 2 | 0 | |a systém riadenia kvality |
| 610 | 2 | 0 | |a kontrola riadenia |
| 610 | 2 | 0 | |a metódy riadenia |
| 100 | 1 | |a Daneshjo, Naqibullah, 1964- | |
| 700 | 1 | |a Jergová, Natália | |